[Event "World Chess Olympiad 2018"]
[Site "Batumi"]
[Date "2018.10.05"]
[Round "11"]
[Board "4"]
[WhiteFideId "22100199"]
[White "Uruci Endrit"]
[BlackFideId "7400713"]
[Black "Smith Shreyas"]
[Result "1/2-1/2"]
[LiveChessVersion "1.4.8"]
[BlackElo "2193"]
[WhiteElo "2157"]

1. e4 {[%clk 1:30:55]} c5 {[%clk 1:30:54]} 2. d4 {[%clk 1:31:20]} cxd4
{[%clk 1:31:19]} 3. Nf3 {[%clk 1:31:47]} e6 {[%clk 1:31:36]} 4. Nxd4
{[%clk 1:32:12]} Nc6 {[%clk 1:31:58]} 5. Nb5 {[%clk 1:32:38]} d6 {[%clk 1:31:50]}
6. Bf4 {[%clk 1:32:58]} e5 {[%clk 1:32:07]} 7. Be3 {[%clk 1:32:58]} Nf6
{[%clk 1:19:10]} 8. N1c3 {[%clk 1:25:28]} a6 {[%clk 1:17:35]} 9. Na3
{[%clk 1:25:53]} Rb8 {[%clk 1:13:18]} 10. Nd5 {[%clk 1:23:15]} Nxd5
{[%clk 1:13:29]} 11. exd5 {[%clk 1:19:43]} Ne7 {[%clk 1:13:47]} 12. c4
{[%clk 1:20:05]} Nf5 {[%clk 1:13:56]} 13. Bd2 {[%clk 1:20:19]} g6
{[%clk 1:11:46]} 14. Nc2 {[%clk 1:16:58]} Bg7 {[%clk 1:09:50]} 15. g3
{[%clk 1:13:38]} O-O {[%clk 1:06:34]} 16. Bg2 {[%clk 1:08:52]} Bd7
{[%clk 1:06:05]} 17. a4 {[%clk 1:01:06]} Rc8 {[%clk 1:05:19]} 18. b3
{[%clk 0:58:51]} b5 {[%clk 0:59:53]} 19. cxb5 {[%clk 0:58:17]} axb5
{[%clk 1:00:16]} 20. a5 {[%clk 0:58:31]} Rxc2 {[%clk 0:49:48]} 21. Qxc2
{[%clk 0:58:29]} Nd4 {[%clk 0:50:14]} 22. Qd1 {[%clk 0:54:43]} Bf5
{[%clk 0:50:12]} 23. O-O {[%clk 0:47:20]} Bc2 {[%clk 0:50:14]} 24. Qe1
{[%clk 0:45:52]} Bxb3 {[%clk 0:49:53]} 25. Qb1 {[%clk 0:44:10]} Bc2
{[%clk 0:48:12]} 26. Qb2 {[%clk 0:41:28]} Bd3 {[%clk 0:48:10]} 27. Bc3
{[%clk 0:41:15]} Ne2+ {[%clk 0:46:49]} 28. Kh1 {[%clk 0:41:13]} Nxc3
{[%clk 0:47:12]} 29. Qxc3 {[%clk 0:41:27]} e4 {[%clk 0:47:34]} 30. Qb4
{[%clk 0:39:26]} Bxa1 {[%clk 0:47:22]} 31. Rxa1 {[%clk 0:39:45]} Qf6
{[%clk 0:47:44]} 32. Rc1 {[%clk 0:30:51]} Qg5 {[%clk 0:45:55]} 33. Rc6
{[%clk 0:30:22]} Qxd5 {[%clk 0:45:57]} 34. Rxd6 {[%clk 0:25:03]} Qa2
{[%clk 0:46:06]} 35. Qe1 {[%clk 0:12:49]} Qa3 {[%clk 0:29:39]} 36. Rc6
{[%clk 0:12:07]} Re8 {[%clk 0:06:34]} 37. h4 {[%clk 0:11:15]} b4 {[%clk 0:06:43]}
38. Rb6 {[%clk 0:10:08]} b3 {[%clk 0:01:46]} 39. Qc3 {[%clk 0:10:26]} Bc2
{[%clk 0:02:07]} 40. h5 {[%clk 0:40:51]} Qc1+ {[%clk 0:31:28]} 41. Kh2
{[%clk 0:40:58]} Qg5 {[%clk 0:31:23]} 42. hxg6 {[%clk 0:40:30]} hxg6
{[%clk 0:30:58]} 43. a6 {[%clk 0:39:15]} Qh5+ {[%clk 0:27:15]} 44. Kg1
{[%clk 0:37:39]} Qd1+ {[%clk 0:19:03]} 45. Kh2 {[%clk 0:37:59]} Qh5+
{[%clk 0:08:03]} 46. Kg1 {[%clk 0:37:33]} Qe5 {[%clk 0:01:30]} 47. Qxe5
{[%clk 0:34:39]} Rxe5 {[%clk 0:01:55]} 48. a7 {[%clk 0:35:05]} Ra5
{[%clk 0:02:12]} 49. Rb8+ {[%clk 0:35:32]} Kg7 {[%clk 0:02:34]} 50. a8=Q
{[%clk 0:35:46]} Rxa8 {[%clk 0:02:57]} 51. Rxa8 {[%clk 0:36:10]} b2
{[%clk 0:03:21]} 52. Rb8 {[%clk 0:36:34]} b1=Q+ {[%clk 0:03:44]} 53. Rxb1
{[%clk 0:36:51]} Bxb1 {[%clk 0:04:11]} 54. Kf1 {[%clk 0:36:58]} Kf6
{[%clk 0:04:23]} 55. Ke2 {[%clk 0:37:11]} Ke5 {[%clk 0:04:47]} 56. Ke3
{[%clk 0:37:20]} f5 {[%clk 0:05:00]} 57. f3 {[%clk 0:35:57]} g5 {[%clk 0:04:53]}
58. fxe4 {[%clk 0:36:00]} Bxe4 {[%clk 0:02:28]} 59. Bf1 {[%clk 0:36:21]} Bh1
{[%clk 0:02:17]} 60. Bc4 {[%clk 0:36:18]} Bg2 {[%clk 0:02:00]} 61. Bb3
{[%clk 0:36:21]} Kf6 {[%clk 0:02:02]} 62. Bd1 {[%clk 0:36:46]} Bf1
{[%clk 0:02:00]} 63. Ba4 {[%clk 0:36:51]} Kg6 {[%clk 0:02:16]} 64. Be8+
{[%clk 0:37:08]} Kh6 {[%clk 0:02:12]} 65. Kf2 {[%clk 0:37:36]} Bc4
{[%clk 0:02:20]} 66. Ke3 {[%clk 0:37:42]} Bd5 {[%clk 0:02:00]} 67. Kf2
{[%clk 0:37:58]} Kg7 {[%clk 0:01:53]} 68. Ke3 {[%clk 0:38:22]} Kf6
{[%clk 0:02:15]} 69. Bb5 {[%clk 0:38:44]} Ke5 {[%clk 0:02:30]} 70. Be2
{[%clk 0:39:04]} Be4 {[%clk 0:02:26]} 71. Bb5 {[%clk 0:39:24]} Kd5
{[%clk 0:02:25]} 72. Ba6 {[%clk 0:39:43]} Ke5 {[%clk 0:02:34]} 73. Bc4
{[%clk 0:40:05]} Bd5 {[%clk 0:02:57]} 74. Bb5 {[%clk 0:40:32]} Kf6
{[%clk 0:03:09]} 75. Bd3 {[%clk 0:40:45]} Be6 {[%clk 0:03:03]} 76. Bb5
{[%clk 0:41:07]} Kg6 {[%clk 0:03:23]} 77. Be8+ {[%clk 0:41:32]} Bf7
{[%clk 0:03:21]} 78. Bb5 {[%clk 0:41:50]} Kh6 {[%clk 0:03:32]} 79. Be2
{[%clk 0:42:14]} Bh5 {[%clk 0:03:43]} 80. Bb5 {[%clk 0:42:32]} Kg7
{[%clk 0:03:13]} 81. Ba6 {[%clk 0:42:45]} Kf7 {[%clk 0:03:02]} 82. Bb5
{[%clk 0:43:07]} Ke7 {[%clk 0:03:27]} 83. Bd3 {[%clk 0:43:33]} Bg4
{[%clk 0:03:46]} 84. Bc4 {[%clk 0:43:57]} Kd6 {[%clk 0:04:07]} 85. Kd4
{[%clk 0:44:05]} Bh3 {[%clk 0:04:17]} 86. Ke3 {[%clk 0:44:28]} Kc5
{[%clk 0:04:25]} 87. Be2 {[%clk 0:44:46]} Kb4 {[%clk 0:04:33]} 88. Bd1
{[%clk 0:45:04]} Kc3 {[%clk 0:04:53]} 89. Bf3 {[%clk 0:45:27]} Bg4
{[%clk 0:04:21]} 90. Bxg4 {[%clk 0:45:40]} f4+ {[%clk 0:04:07]} 91. gxf4
{[%clk 0:46:08]} gxf4+ {[%clk 0:04:27]} 92. Kxf4 {[%clk 0:46:34]} Kd4 1/2-1/2

[Event "World Chess Olympiad 2018"]
[Site "Batumi"]
[Date "2018.10.05"]
[Round "11"]
[Board "1"]
[WhiteFideId "22000046"]
[White "Al Mashikhi Salim Aliyan"]
[BlackFideId "13801163"]
[Black "Taalaibekov Tagir"]
[Result "1-0"]
[LiveChessVersion "1.4.8"]
[BlackElo "2291"]
[WhiteElo "2095"]

1. Nf3 {[%clk 1:30:56]} Nf6 {[%clk 1:30:33]} 2. c4 {[%clk 1:31:10]} e6
{[%clk 1:30:55]} 3. Nc3 {[%clk 1:31:07]} c5 {[%clk 1:30:11]} 4. g3
{[%clk 1:31:29]} d5 {[%clk 1:30:00]} 5. cxd5 {[%clk 1:31:44]} exd5
{[%clk 1:29:47]} 6. d4 {[%clk 1:31:58]} Nc6 {[%clk 1:28:36]} 7. Bg5
{[%clk 1:31:49]} cxd4 {[%clk 1:26:35]} 8. Nxd4 {[%clk 1:31:31]} Bc5
{[%clk 1:25:56]} 9. Nb3 {[%clk 1:31:03]} Bxf2+ {[%clk 1:25:19]} 10. Kxf2
{[%clk 1:30:18]} Ng4+ {[%clk 1:25:43]} 11. Ke1 {[%clk 1:30:01]} Qxg5
{[%clk 1:26:00]} 12. Qxd5 {[%clk 1:29:58]} Qe7 {[%clk 1:22:00]} 13. Qc5
{[%clk 1:27:57]} Qxc5 {[%clk 1:14:10]} 14. Nxc5 {[%clk 1:28:25]} Ne3
{[%clk 1:14:10]} 15. Kf2 {[%clk 1:28:13]} Nxf1 {[%clk 1:14:04]} 16. Rhxf1
{[%clk 1:28:38]} b6 {[%clk 1:12:28]} 17. N5e4 {[%clk 1:25:04]} O-O
{[%clk 1:12:33]} 18. Rac1 {[%clk 1:24:25]} Ne5 {[%clk 1:09:03]} 19. Kg1
{[%clk 1:23:28]} Ba6 {[%clk 1:08:29]} 20. b4 {[%clk 1:19:55]} Bc4
{[%clk 1:06:29]} 21. Rfd1 {[%clk 1:15:35]} Rad8 {[%clk 1:03:51]} 22. Nd6
{[%clk 1:14:19]} Be6 {[%clk 1:03:57]} 23. Ndb5 {[%clk 1:14:17]} a6
{[%clk 1:01:52]} 24. Nc7 {[%clk 1:14:13]} Bc4 {[%clk 1:00:41]} 25. N7d5
{[%clk 1:14:11]} Rb8 {[%clk 0:46:58]} 26. Rd4 {[%clk 1:13:47]} Rfe8
{[%clk 0:43:57]} 27. Rc2 {[%clk 1:11:55]} Rbd8 {[%clk 0:37:46]} 28. Rcd2
{[%clk 1:12:08]} Rb8 {[%clk 0:29:46]} 29. Kf2 {[%clk 1:03:16]} f5
{[%clk 0:29:30]} 30. h3 {[%clk 1:02:49]} Kf7 {[%clk 0:27:26]} 31. Na4
{[%clk 1:02:01]} Re6 {[%clk 0:23:49]} 32. Ne3 {[%clk 0:59:36]} Bb5
{[%clk 0:07:55]} 33. Nc3 {[%clk 1:00:02]} g6 {[%clk 0:07:14]} 34. Nxb5
{[%clk 0:59:43]} axb5 {[%clk 0:07:43]} 35. Rc2 {[%clk 0:57:54]} Rb7
{[%clk 0:07:33]} 36. Rd5 {[%clk 0:57:57]} Nc6 {[%clk 0:07:14]} 37. a3
{[%clk 0:56:47]} Rbe7 {[%clk 0:02:26]} 38. Ng2 {[%clk 0:56:33]} Na7
{[%clk 0:01:01]} 39. Nf4 {[%clk 0:56:47]} Re4 {[%clk 0:01:16]} 40. Rd6
{[%clk 1:25:45]} Rb7 {[%clk 0:30:50]} 41. h4 {[%clk 1:20:21]} Ke7 42. Rxb6
{[%clk 1:18:53]} Rxb6 {[%clk 0:23:35]} 43. Nd5+ {[%clk 1:19:22]} Kd6
{[%clk 0:23:48]} 44. Nxb6 {[%clk 1:19:31]} Nc6 {[%clk 0:23:49]} 45. Nc8+
{[%clk 1:16:54]} Kd7 {[%clk 0:23:26]} 46. Nb6+ {[%clk 1:16:58]} Kd6
{[%clk 0:23:50]} 47. Rc5 {[%clk 1:14:58]} Re5 {[%clk 0:16:39]} 48. Rc3
{[%clk 1:09:48]} Kc7 {[%clk 0:16:13]} 49. Nc8 {[%clk 1:09:23]} Kd7
{[%clk 0:14:50]} 50. e3 {[%clk 1:07:26]} h6 {[%clk 0:05:52]} 51. Ke1
{[%clk 1:04:01]} g5 {[%clk 0:03:51]} 52. hxg5 {[%clk 1:04:29]} hxg5
{[%clk 0:04:20]} 53. Kd2 {[%clk 1:04:03]} Re6 {[%clk 0:03:19]} 54. Nb6+
{[%clk 1:01:12]} Kc7 {[%clk 0:03:39]} 55. Nd5+ {[%clk 1:00:35]} Kd6
{[%clk 0:03:58]} 56. Rd3 {[%clk 0:48:18]} Ne5 {[%clk 0:04:20]} 57. Nf4+
{[%clk 0:46:56]} Nxd3 {[%clk 0:04:46]} 58. Nxe6 {[%clk 0:46:36]} Kxe6
{[%clk 0:05:14]} 59. Kxd3 {[%clk 0:47:02]} Kd5 {[%clk 0:05:43]} 60. Kc3
{[%clk 0:45:37]} Ke4 {[%clk 0:05:59]} 61. a4 {[%clk 0:45:54]} bxa4
{[%clk 0:05:27]} 62. b5 {[%clk 0:46:01]} Kxe3 {[%clk 0:01:08]} 63. b6
{[%clk 0:46:07]} a3 64. b7 {[%clk 0:46:32]} a2 {[%clk 0:01:06]} 65. Kb2
{[%clk 0:46:31]} f4 {[%clk 0:01:35]} 66. b8=Q {[%clk 0:46:39]} Kf3
{[%clk 0:00:34]} 67. gxf4 {[%clk 0:46:53]} gxf4 {[%clk 0:00:55]} 68. Qb4
{[%clk 0:46:52]} Kg3 {[%clk 0:00:49]} 69. Qe1+ {[%clk 0:47:08]} Kg2
{[%clk 0:00:31]} 70. Qe2+ {[%clk 0:47:21]} 1-0

[Event "World Chess Olympiad 2018"]
[Site "Batumi"]
[Date "2018.10.05"]
[Round "11"]
[Board "3"]
[WhiteFideId "22000089"]
[White "Salim Mohammed Salim Al Amri"]
[BlackFideId "13800027"]
[Black "Mamatov Melis"]
[Result "0-1"]
[LiveChessVersion "1.4.8"]
[BlackElo "2196"]
[WhiteElo "1940"]

1. e4 {[%clk 1:30:58]} c5 {[%clk 1:30:39]} 2. Nf3 {[%clk 1:31:23]} d6
{[%clk 1:31:07]} 3. d4 {[%clk 1:31:47]} cxd4 {[%clk 1:31:36]} 4. Nxd4
{[%clk 1:32:04]} Nf6 {[%clk 1:32:04]} 5. Nc3 {[%clk 1:32:25]} e5 {[%clk 1:32:30]}
6. Bb5+ {[%clk 1:31:24]} Nbd7 {[%clk 1:32:59]} 7. Nf5 {[%clk 1:31:10]} a6
{[%clk 1:33:27]} 8. Bxd7+ {[%clk 1:31:14]} Qxd7 {[%clk 1:33:48]} 9. Bg5
{[%clk 1:30:50]} Nxe4 {[%clk 1:34:08]} 10. Nxg7+ {[%clk 1:30:59]} Bxg7
{[%clk 1:34:37]} 11. Nxe4 {[%clk 1:31:18]} O-O {[%clk 1:35:02]} 12. Qxd6
{[%clk 1:30:10]} f6 {[%clk 1:35:17]} 13. Qxd7 {[%clk 1:29:22]} Bxd7
{[%clk 1:35:46]} 14. Be3 {[%clk 1:28:07]} Bc6 {[%clk 1:35:58]} 15. Nd6
{[%clk 1:28:28]} f5 {[%clk 1:31:27]} 16. O-O {[%clk 1:27:49]} Rf6
{[%clk 1:21:37]} 17. Rad1 {[%clk 1:26:28]} Bf8 {[%clk 1:09:02]} 18. Bc5
{[%clk 1:04:19]} Rg6 {[%clk 1:04:30]} 19. g3 {[%clk 0:59:04]} Rd8
{[%clk 1:04:18]} 20. Nxb7 {[%clk 0:48:27]} Rxd1 {[%clk 1:04:34]} 21. Rxd1
{[%clk 0:48:49]} Bxb7 {[%clk 1:05:00]} 22. Rd8 {[%clk 0:48:31]} Rf6
{[%clk 1:05:20]} 23. Rb8 {[%clk 0:46:54]} Bf3 {[%clk 1:05:10]} 24. Re8
{[%clk 0:46:10]} e4 {[%clk 1:02:49]} 25. Kf1 {[%clk 0:45:59]} Rf7
{[%clk 1:03:10]} 26. Ke1 {[%clk 0:45:49]} Rd7 {[%clk 1:03:21]} 0-1

[Event "World Chess Olympiad 2018"]
[Site "Batumi"]
[Date "2018.10.05"]
[Round "11"]
[Board "4"]
[WhiteFideId "13801856"]
[White "Sezdbekov Ruslan"]
[BlackFideId "22000062"]
[Black "Salim Issa Ali Shamas"]
[Result "1-0"]
[LiveChessVersion "1.4.8"]
[BlackElo "1885"]
[WhiteElo "2160"]

1. e4 {[%clk 1:30:56]} c5 {[%clk 1:30:42]} 2. Nf3 {[%clk 1:31:21]} Nf6
{[%clk 1:30:25]} 3. e5 {[%clk 1:31:32]} Nd5 {[%clk 1:30:44]} 4. Nc3
{[%clk 1:30:29]} Nb6 {[%clk 1:30:53]} 5. a4 {[%clk 1:30:48]} a5 {[%clk 1:31:06]}
6. Bb5 {[%clk 1:30:13]} g6 {[%clk 1:30:50]} 7. d4 {[%clk 1:24:27]} cxd4
{[%clk 1:31:05]} 8. Qxd4 {[%clk 1:24:45]} Bg7 {[%clk 1:31:19]} 9. Be3
{[%clk 1:25:08]} Nc6 {[%clk 1:28:48]} 10. Qxb6 {[%clk 1:24:53]} Qxb6
{[%clk 1:28:36]} 11. Bxb6 {[%clk 1:25:18]} Nxe5 {[%clk 1:28:59]} 12. Nxe5
{[%clk 1:25:24]} Bxe5 {[%clk 1:29:17]} 13. O-O-O {[%clk 1:25:47]} O-O
{[%clk 1:29:08]} 14. Bxd7 {[%clk 1:25:50]} Bxc3 {[%clk 1:29:29]} 15. bxc3
{[%clk 1:26:15]} e6 {[%clk 1:29:45]} 16. Bb5 {[%clk 1:26:35]} e5 {[%clk 1:30:08]}
17. Bc5 {[%clk 1:26:49]} Bg4 {[%clk 1:30:14]} 18. Bxf8 {[%clk 1:27:12]} Bxd1
{[%clk 1:30:29]} 19. Bd6 {[%clk 1:27:39]} Bg4 {[%clk 1:30:47]} 20. Bxe5
{[%clk 1:28:04]} Rd8 {[%clk 1:30:40]} 21. f3 {[%clk 1:28:31]} Be6
{[%clk 1:30:50]} 22. Rd1 {[%clk 1:28:54]} Ra8 {[%clk 1:31:03]} 23. Bf6
{[%clk 1:29:15]} h5 {[%clk 1:31:23]} 24. g3 {[%clk 1:29:28]} Kh7 {[%clk 1:31:29]}
25. Rd8 {[%clk 1:29:54]} Rxd8 {[%clk 1:31:30]} 26. Bxd8 {[%clk 1:30:19]} Kh6
{[%clk 1:31:51]} 27. Bxa5 {[%clk 1:30:41]} g5 {[%clk 1:32:15]} 28. Bc7
{[%clk 1:30:49]} Bd5 {[%clk 1:32:25]} 29. f4 {[%clk 1:31:14]} gxf4
{[%clk 1:32:15]} 30. Bxf4+ {[%clk 1:31:37]} Kg6 {[%clk 1:32:39]} 31. Kd2
{[%clk 1:32:03]} Kf5 {[%clk 1:33:01]} 32. Ke3 {[%clk 1:32:28]} Kg6
{[%clk 1:32:31]} 33. c4 {[%clk 1:32:47]} Bg2 {[%clk 1:32:30]} 34. c5
{[%clk 1:33:14]} Kf6 {[%clk 1:31:55]} 35. Kd4 {[%clk 1:33:32]} Ke6
{[%clk 1:32:18]} 36. Bc4+ {[%clk 1:33:58]} Ke7 {[%clk 1:32:11]} 37. Bd5
{[%clk 1:34:26]} Bxd5 {[%clk 1:31:39]} 38. Kxd5 {[%clk 1:34:53]} Kd7
{[%clk 1:31:55]} 39. a5 {[%clk 1:35:19]} Ke7 {[%clk 1:31:56]} 40. c6
{[%clk 2:05:45]} 1-0

[Event "World Chess Olympiad 2018"]
[Site "Batumi"]
[Date "2018.10.05"]
[Round "11"]
[Board "1"]
[WhiteFideId "8500037"]
[White "Kigigha Bomo"]
[BlackFideId "13202340"]
[Black "Lee Jun Hyeok"]
[Result "1-0"]
[LiveChessVersion "1.4.8"]
[BlackElo "2263"]
[WhiteElo "2300"]

1. c4 {[%clk 1:30:58]} e6 {[%clk 1:30:44]} 2. Nf3 {[%clk 1:31:16]} d5
{[%clk 1:30:48]} 3. g3 {[%clk 1:31:40]} Nf6 {[%clk 1:31:12]} 4. Bg2
{[%clk 1:32:05]} dxc4 {[%clk 1:31:34]} 5. O-O {[%clk 1:32:18]} a6
{[%clk 1:28:04]} 6. a4 {[%clk 1:30:52]} Nc6 {[%clk 1:26:26]} 7. Qc2
{[%clk 1:25:25]} Na5 {[%clk 1:25:14]} 8. Rd1 {[%clk 1:16:23]} Bd6
{[%clk 1:18:55]} 9. Na3 {[%clk 1:16:14]} O-O {[%clk 1:14:55]} 10. Nxc4
{[%clk 1:14:54]} Nxc4 {[%clk 1:15:19]} 11. Qxc4 {[%clk 1:15:22]} Bd7
{[%clk 1:08:39]} 12. Qb3 {[%clk 1:09:31]} Qe7 {[%clk 1:05:55]} 13. d3
{[%clk 1:09:47]} e5 {[%clk 0:58:07]} 14. Bg5 {[%clk 1:06:56]} Rab8
{[%clk 0:49:20]} 15. Nd2 {[%clk 0:59:30]} Be6 {[%clk 0:48:22]} 16. Qc2
{[%clk 0:58:55]} h6 {[%clk 0:48:24]} 17. Bxf6 {[%clk 0:58:55]} Qxf6
{[%clk 0:48:44]} 18. Ne4 {[%clk 0:59:08]} Qe7 {[%clk 0:49:02]} 19. Rdc1
{[%clk 0:59:18]} c6 {[%clk 0:44:45]} 20. Nxd6 {[%clk 0:59:09]} Qxd6
{[%clk 0:45:10]} 21. Qc5 {[%clk 0:59:33]} Rfd8 {[%clk 0:43:01]} 22. Qxd6
{[%clk 0:53:09]} Rxd6 {[%clk 0:43:21]} 23. Rc5 {[%clk 0:53:31]} f6
{[%clk 0:43:36]} 24. b4 {[%clk 0:53:46]} Rbd8 {[%clk 0:38:09]} 25. Rb1
{[%clk 0:42:57]} Bd5 {[%clk 0:30:26]} 26. b5 {[%clk 0:29:14]} cxb5
{[%clk 0:30:01]} 27. axb5 {[%clk 0:29:36]} Bxg2 {[%clk 0:30:22]} 28. Kxg2
{[%clk 0:30:01]} Rb6 {[%clk 0:27:16]} 29. Rb4 {[%clk 0:26:10]} Rd7
{[%clk 0:26:17]} 30. f4 {[%clk 0:26:32]} exf4 {[%clk 0:25:50]} 31. gxf4
{[%clk 0:26:53]} Kf7 {[%clk 0:24:33]} 32. Kf3 {[%clk 0:22:36]} Ke6
{[%clk 0:19:10]} 33. f5+ {[%clk 0:20:11]} Kd6 {[%clk 0:17:55]} 34. d4
{[%clk 0:20:30]} Ke7 {[%clk 0:06:21]} 35. e4 {[%clk 0:20:30]} Rxb5
{[%clk 0:01:06]} 36. Rcxb5 {[%clk 0:19:39]} axb5 {[%clk 0:01:34]} 37. Ke3
{[%clk 0:20:03]} Rd6 {[%clk 0:00:46]} 38. Rxb5 {[%clk 0:19:58]} b6
{[%clk 0:01:08]} 39. Rb2 {[%clk 0:20:02]} Kd7 {[%clk 0:00:43]} 40. Rg2
{[%clk 0:49:47]} Kc6 {[%clk 0:30:33]} 41. Rxg7 {[%clk 0:50:09]} 1-0

[Event "World Chess Olympiad 2018"]
[Site "Batumi"]
[Date "2018.10.05"]
[Round "11"]
[Board "2"]
[WhiteFideId "13203088"]
[White "Kwon Sehyun"]
[BlackFideId "8500258"]
[Black "Adu Oladapo"]
[Result "1/2-1/2"]
[LiveChessVersion "1.4.8"]
[BlackElo "2299"]
[WhiteElo "2129"]

1. e4 {[%clk 1:30:57]} c5 {[%clk 1:30:39]} 2. Nf3 {[%clk 1:31:19]} d6
{[%clk 1:30:59]} 3. Bb5+ {[%clk 1:31:41]} Bd7 {[%clk 1:31:20]} 4. Bxd7+
{[%clk 1:32:06]} Qxd7 {[%clk 1:31:47]} 5. O-O {[%clk 1:28:05]} Nc6
{[%clk 1:32:04]} 6. c3 {[%clk 1:25:11]} e6 {[%clk 1:32:24]} 7. d4
{[%clk 1:24:51]} Nf6 {[%clk 1:32:19]} 8. Qe2 {[%clk 1:21:08]} cxd4
{[%clk 1:29:22]} 9. cxd4 {[%clk 1:21:29]} d5 {[%clk 1:29:45]} 10. e5
{[%clk 1:21:29]} Ne4 {[%clk 1:29:05]} 11. Be3 {[%clk 1:13:45]} Be7
{[%clk 1:27:34]} 12. Ne1 {[%clk 1:07:51]} f6 {[%clk 1:27:24]} 13. f3
{[%clk 0:58:41]} Ng5 {[%clk 1:27:47]} 14. f4 {[%clk 0:55:00]} Ne4
{[%clk 1:27:08]} 15. Nd3 {[%clk 0:53:16]} f5 {[%clk 1:26:46]} 16. Nf2
{[%clk 0:43:45]} Rc8 {[%clk 1:23:48]} 17. a3 {[%clk 0:42:44]} Na5
{[%clk 1:12:36]} 18. Nxe4 {[%clk 0:37:26]} dxe4 {[%clk 0:53:43]} 19. Nc3
{[%clk 0:34:42]} Nc4 {[%clk 0:51:49]} 20. Rfd1 {[%clk 0:26:51]} O-O
{[%clk 0:43:04]} 21. Bf2 {[%clk 0:14:14]} Nb6 {[%clk 0:42:55]} 22. d5
{[%clk 0:13:47]} Nxd5 {[%clk 0:42:31]} 23. Nxd5 {[%clk 0:14:04]} exd5
{[%clk 0:42:41]} 24. Bxa7 {[%clk 0:14:11]} Qa4 {[%clk 0:41:41]} 25. Qe3
{[%clk 0:13:29]} Qb5 {[%clk 0:35:48]} 26. Rd2 {[%clk 0:11:51]} Rc6
{[%clk 0:33:18]} 27. Bd4 {[%clk 0:10:32]} Rfc8 {[%clk 0:32:51]} 28. Rad1
{[%clk 0:05:46]} Rc2 {[%clk 0:30:24]} 29. h3 {[%clk 0:05:38]} Rxd2
{[%clk 0:23:25]} 30. Qxd2 {[%clk 0:06:03]} Rc4 {[%clk 0:22:30]} 31. Kh2
{[%clk 0:04:33]} Kf7 {[%clk 0:18:21]} 32. e6+ {[%clk 0:03:50]} Kxe6
{[%clk 0:18:49]} 33. Bxg7 {[%clk 0:03:59]} Bd6 {[%clk 0:17:21]} 34. Qe3
{[%clk 0:01:43]} Rc2 {[%clk 0:15:36]} 35. Qd4 {[%clk 0:01:01]} Bxf4+
{[%clk 0:04:22]} 36. Kh1 {[%clk 0:01:27]} Kd7 {[%clk 0:03:32]} 37. Qf6
{[%clk 0:01:11]} Qd3 {[%clk 0:01:21]} 38. Qxf5+ {[%clk 0:00:51]} Kc6
{[%clk 0:01:22]} 39. Qe6+ {[%clk 0:00:31]} Bd6 {[%clk 0:01:10]} 40. Qg4
{[%clk 0:30:33]} Qg3 {[%clk 0:30:51]} 41. Qc8+ {[%clk 0:26:23]} Kb6
{[%clk 0:26:53]} 42. Bd4+ {[%clk 0:17:10]} Bc5 {[%clk 0:27:19]} 43. Bxc5+
{[%clk 0:13:05]} Rxc5 {[%clk 0:27:48]} 44. Qd8+ {[%clk 0:12:07]} Ka7
{[%clk 0:24:15]} 45. b4 {[%clk 0:08:51]} Rc2 {[%clk 0:22:21]} 1/2-1/2

[Event "World Chess Olympiad 2018"]
[Site "Batumi"]
[Date "2018.10.05"]
[Round "11"]
[Board "3"]
[WhiteFideId "8501246"]
[White "Balogun Oluwafemi"]
[BlackFideId "410969"]
[Black "Walker Martin G"]
[Result "1/2-1/2"]
[LiveChessVersion "1.4.8"]
[BlackElo "2078"]
[WhiteElo "2275"]

1. e4 {[%clk 1:30:31]} Nf6 {[%clk 1:30:55]} 2. Bd3 {[%clk 1:30:51]} e5
{[%clk 1:31:00]} 3. c3 {[%clk 1:31:09]} d5 {[%clk 1:30:44]} 4. Nf3
{[%clk 1:30:28]} dxe4 {[%clk 1:21:02]} 5. Bxe4 {[%clk 1:30:53]} Bd6
{[%clk 1:21:24]} 6. d3 {[%clk 1:25:14]} Nxe4 {[%clk 1:16:53]} 7. dxe4
{[%clk 1:25:41]} O-O {[%clk 1:16:39]} 8. Bg5 {[%clk 1:25:43]} f6 {[%clk 1:16:39]}
9. Be3 {[%clk 1:26:10]} Be6 {[%clk 1:16:45]} 10. Nbd2 {[%clk 1:26:26]} Nd7
{[%clk 1:15:21]} 11. O-O {[%clk 1:23:05]} Qe7 {[%clk 1:12:08]} 12. Qe2
{[%clk 1:19:50]} Rfd8 {[%clk 1:09:55]} 13. Nc4 {[%clk 1:17:47]} Bc5
{[%clk 1:10:19]} 14. b4 {[%clk 1:16:13]} Bxe3 {[%clk 1:05:52]} 15. Nxe3
{[%clk 1:16:38]} a5 {[%clk 1:00:03]} 16. a3 {[%clk 1:13:09]} Nb6 {[%clk 0:58:48]}
17. Rfd1 {[%clk 1:12:08]} Rxd1+ {[%clk 0:56:00]} 18. Qxd1 {[%clk 1:00:42]} Nc4
{[%clk 0:54:16]} 19. Nxc4 {[%clk 0:49:33]} Bxc4 {[%clk 0:54:41]} 20. h3
{[%clk 0:49:59]} b6 {[%clk 0:34:19]} 21. Qc2 {[%clk 0:47:30]} c5 {[%clk 0:19:27]}
22. Rd1 {[%clk 0:43:48]} Be6 {[%clk 0:19:21]} 23. Qa4 {[%clk 0:43:02]} cxb4
{[%clk 0:17:19]} 24. cxb4 {[%clk 0:41:27]} Rd8 {[%clk 0:17:45]} 25. Rxd8+
{[%clk 0:40:40]} Qxd8 {[%clk 0:18:10]} 26. Qc6 {[%clk 0:40:58]} Kf7
{[%clk 0:17:30]} 27. Kh2 {[%clk 0:39:21]} axb4 {[%clk 0:16:15]} 28. axb4
{[%clk 0:39:38]} Ke7 {[%clk 0:16:23]} 29. Qb7+ {[%clk 0:39:48]} Kf8
{[%clk 0:16:48]} 30. Qc6 {[%clk 0:39:31]} Ke7 {[%clk 0:17:13]} 31. g4
{[%clk 0:33:54]} Qd6 {[%clk 0:16:27]} 32. Qc3 {[%clk 0:32:40]} Kd7
{[%clk 0:13:39]} 33. Kg3 {[%clk 0:30:10]} Qc6 {[%clk 0:11:07]} 34. Qd3+
{[%clk 0:29:34]} Qd6 {[%clk 0:10:21]} 35. Qa3 {[%clk 0:29:45]} Qc6
{[%clk 0:09:52]} 36. Qa7+ {[%clk 0:30:05]} Qc7 {[%clk 0:10:15]} 37. Qa8
{[%clk 0:28:48]} Qc8 {[%clk 0:10:26]} 38. Qa3 {[%clk 0:28:16]} Qc4
{[%clk 0:09:15]} 39. Qa7+ {[%clk 0:28:03]} Qc7 {[%clk 0:09:40]} 40. Qa8
{[%clk 0:54:29]} Qc8 {[%clk 0:39:04]} 41. Qa3 {[%clk 0:46:12]} Qb7
{[%clk 0:20:03]} 42. Qe3 {[%clk 0:46:15]} Qc6 {[%clk 0:19:52]} 43. g5
{[%clk 0:46:24]} Ke7 {[%clk 0:19:14]} 44. gxf6+ {[%clk 0:46:45]} gxf6
{[%clk 0:19:40]} 45. Nd2 {[%clk 0:34:32]} Qc1 {[%clk 0:12:49]} 46. Kg2
{[%clk 0:34:08]} Qc8 {[%clk 0:09:19]} 47. Kh2 {[%clk 0:30:59]} b5
{[%clk 0:09:42]} 48. Qa7+ {[%clk 0:30:25]} Qd7 {[%clk 0:10:06]} 49. Qxd7+
{[%clk 0:27:50]} Bxd7 {[%clk 0:10:26]} 50. Kg3 {[%clk 0:27:00]} Kf7
{[%clk 0:08:28]} 51. f3 {[%clk 0:23:40]} Kg6 {[%clk 0:07:06]} 1/2-1/2